000 00241nam a2200097Ia 4500
008 190216s9999||||xx |||||||||||||| ||und||
100 _aMohan Rao U S
245 0 _aGeneral Knowledge Digest And General Studies
260 _bNull
942 _cREF
999 _c35785
_d35785